Desarrollo comunal ...un programa de acción
Збережено в:
| Співавтор: | |
|---|---|
| Формат: | Текст |
| Опубліковано: |
San José:
DINADECO
|
| Предмети: | |
| Теги: |
Додати тег
Немає тегів, Будьте першим, хто поставить тег для цього запису!
|
MARC
| LEADER | 00000 a a2200000 04500 | ||
|---|---|---|---|
| 001 | 17889 | ||
| 003 | |||
| 040 | |||
| 090 | |a 1001 CR8375d | ||
| 110 | |a Costa Rica. Ministerio de Gobernación. Dirección Nacional de Desarrollo de la Comunidad | ||
| 245 | |a Desarrollo comunal ...un programa de acción | ||
| 260 | |a San José: |b DINADECO | ||
| 300 | |a 25 p. | ||
| 650 | |a DESARROLLO DE LA COMUNIDAD | ||
| 999 | |c 13199 |d 13199 | ||
